01031nam a2200253 a 4500001001000000003000500010005001700015008004100032010001100073011001100084040000900095100003500104245019100139260004100330500006000371502011200431650002600543650002500569650003800594650002900632700003000661856001600691856007000707000109077CHAP20220329144036.0140402s2013 mx | |sm |||||||spa|d a105539 a106511 cCHAP1 aBarreto Fuentes, Marco Antonio10aEvaluación de paquetes tecnologicos en la producción de maiz (Zea mayz L.) en Texcoco, Estado de Méxicoh[En línea]cpor Marco Antonio Barreto Fuentes y Alfonso Muñoz Alcalá. aChapingo, Méx. :bEl autor,c2013. aPara ver el contenido del material haga clic en la liga aTesis (Ing. Agr. Esp. en Suelos) -- UACH. Departamento de Enseñanza, Investigación y Servicio en Suelos14aMaízxProducción.14aMaízxRendimiento.14aMaízxTecnología postcosecha.14aMaízzMéxico (Edo.).1 aMuñoz Alcalá, Alfonso a1 n0000781 aFinding aiduhttp://10.13.5.2/tesis/sist109077.pdfzTeclea aquí